| Tag |
First Indicator |
Second Indicator |
Subfields |
| LEADER |
00000cam a22000001 4500 |
| 001 |
in00000291721 |
| 005 |
20151010074052.0 |
| 008 |
700608s1967 inu b 00000 eng |
| 010 |
|
|
|a 68000696
|
| 035 |
|
|
|a (OCoLC)00429821
|
| 035 |
|
|
|9 ABF1897AM
|
| 040 |
|
|
|a DLC
|c DLC
|d TXA
|d UtOrBLW
|
| 049 |
|
|
|a TXAM
|c [529251]
|
| 050 |
0 |
0 |
|a BT28
|b .M6
|
| 082 |
0 |
|
|a 200/.922
|
| 245 |
0 |
0 |
|a Modern theologians: Christians and Jews ;
|b introduction to the works of Martin Buber [and others] /
|c Editor: Thomas E. Bird.
|
| 264 |
|
1 |
|a Notre Dame [Ind.] :
|b University of Notre Dame Press,
|c [1967]
|
| 300 |
|
|
|a xii, 224 pages ;
|c 21 cm.
|
| 336 |
|
|
|a text
|b txt
|2 rdacontent
|
| 337 |
|
|
|a unmediated
|b n
|2 rdamedia
|
| 338 |
|
|
|a volume
|b nc
|2 rdacarrier
|
| 490 |
1 |
|
|a Theology today,
|v . 2
|
| 505 |
0 |
|
|a Theologians of dialogue: Martin Buber, by L. D. Streiker. John Courtney Murray, by T. T. Love. Josef Hromadka, by C. C. West.--Theologians of the life of the church: Bernard Haring, by S. O. Weselowsky. Edward Schillebeeckx, by M. J. Houdijk. John A. T. Robinson, by L. D. Streiker.--Theologians of intellectual renewal: Bernard Lonergan, by F. E. Crowe. John Hick, by L. D. Streiker.--Theologians of mystical experience: Abraham Josua Heschel, by F. A. Rothschild. Henri de Lubac, by W. C. Russell.--Bibliography (p. 201-224)
|
| 650 |
|
0 |
|a Theologians.
|
| 650 |
|
0 |
|a Theology, Doctrinal
|x History
|y 20th century.
|
| 830 |
|
0 |
|a Theology today ;
|v . 2.
|
| 999 |
|
|
|a MARS
|
| 999 |
f |
f |
|s e3d01d91-0416-3335-b98f-ca1219a9bb4c
|i 6bdf090a-fcda-39be-904e-fe86127403dc
|t 0
|
| 952 |
f |
f |
|p ric
|a Texas A&M University
|b Rellis Campus
|c Joint Library Facility
|d Remote Storage
|t 0
|e BT28 .M6
|h Library of Congress classification
|i unmediated -- volume
|m A14801787018
|
| 998 |
f |
f |
|a BT28 .M6
|t 0
|l Remote Storage
|